The Theory of Growth of a Socialist Economy (Record no. 4065)
[ view plain ]
| 000 -LEADER | |
|---|---|
| fixed length control field | 01238cam a22001934a 4500 |
| 005 - ΗΜΕΡΟΜΗΝΙΑ ΚΑΙ ΩΡΑ ΤΕΛΕΥΤΑΙΑΣ ΕΝΗΜΕΡΩΣΗΣ | |
| Πεδίο ελέγχου | 20250605164135.0 |
| 008 - FIXED-LENGTH DATA ELEMENTS--GENERAL INFORMATION | |
| Πεδίο ελέγχου σταθερού μήκους | 250528s ||||||||||||||||||||||||d |
| 035 ## - SYSTEM CONTROL NUMBER | |
| System control number | 18747 |
| 040 ## - ΠΗΓΗ ΚΑΤΑΛΟΓΟΓΡΑΦΗΣΗΣ | |
| Φορέας πρωτότυπης καταλογογράφησης | MC Athens Campus Library |
| Γλώσσα καταλογογράφησης | Ελληνικά, Μοντέρνα (1453-) |
| Modifying agency | MC Athens Campus Library |
| Κανόνες περιγραφικής καταλογογράφησης | AACR2 |
| 245 1# - ΤΙΤΛΟΣ ΚΑΙ ΔΗΛΩΣΗ ΥΠΕΥΘΥΝΟΤΗΤΑΣ | |
| Τίτλος | The Theory of Growth of a Socialist Economy |
| 250 ## - EDITION STATEMENT | |
| Edition statement | 1st |
| 260 ## - PUBLICATION, DISTRIBUTION, ETC. | |
| Name of publisher, distributor, etc. | Progress Publishers, |
| Date of publication, distribution, etc. | 1977 |
| 300 ## - PHYSICAL DESCRIPTION | |
| Extent | 346 |
| 520 ## - SUMMARY, ETC. | |
| Summary, etc. | Introduction, The Basic Principles of the Theory of Economic Growth, The Characterisation of the Basic Elements of Economic Growth, The Basic Principles of the Marxist Theory of Factors of Production, General Laws Governing the Process of Economic Growth Under Conditions of Developed Socialism, The Principles of Economic Evaluations of Macroeconomic Indicators and the Modelling of Economic Growth, The Volume and Dynamics of Output and Productive Resources, Measurements of Volume and the Methods of Quantitative Analysis and Forecasting of the Dynamics of Macro-Economic Production Indicators, The Dynamics and Economic Evaluation of Labour Resources in the Phere of Material Production, The Factor Analysis and Forecasts of the Rates of Economic Growth, Conclusion. |
| 700 1# - ΠΡΟΣΘΕΤΗ ΑΝΑΓΡΑΦΗ--ΦΥΣΙΚΟ ΠΡΟΣΩΠΟ | |
| Personal name | Anchishkin A. |
| 9 (RLIN) | 5000 |
| 942 ## - ADDED ENTRY ELEMENTS (KOHA) | |
| Koha item type | Books |
| Τύπος τεκμηρίου | Βιβλιοθήκη | Τρέχουσα τοποθεσία | Barcode | Αριθμός εισαγωγής | Ημερομηνία απόκτησης | Ταξιθετικό σύμβολο | Αριθμός αντιτύπου | Κατάσταση απόσυρσης | Κατάσταση χαμένου | Κατάσταση κατεστραμμένου | Μη δανεισμός | Σύνολο δανεισμών | Ημερομηνία τελευταίας εμφάνισης | Η τιμή ισχύει από |
|---|---|---|---|---|---|---|---|---|---|---|---|---|---|---|
| Books | MC Athens Campus Library | MC Athens Campus Library | 9780000040640 | 3657 | 05/06/2025 | 335.4/12 ANC | 1 | 05/06/2025 | 05/06/2025 |